Insights: (Record no. 164294)

MARC details
000 -LEADER
fixed length control field 00484nam a22001697a 4500
005 - DATE AND TIME OF LATEST TRANSACTION
control field 20190515161504.0
010 ## - LCCN (DPL NO)
LC control number B-085676
020 ## - INTERNATIONAL STANDARD BOOK NUMBER
International Standard Book Number 8171706401
Terms of availability 33.90
035 ## - SYSTEM CONTROL NUMBER
System control number B-085676
037 ## - SOURCE OF ACQUISITION
Source of stock number/acquisition Frank Bros. & Co.
082 ## - DEWEY DECIMAL CLASSIFICATION NUMBER
Classification number 880.8
245 ## - TITLE STATEMENT
Title Insights:
Remainder of title a selection of hulxley's essay /
Statement of responsibility, etc N. Gangadharan Nair
260 ## - PUBLICATION, DISTRIBUTION, ETC. (IMPRINT)
Place of publication, distribution, etc New Delhi
Name of publisher, distributor, etc Frank Bros. & Co.
Date of publication, distribution, etc 2002
300 ## - PHYSICAL DESCRIPTION
Extent 94p.
Dimensions 22cm(pbk)
700 ## - ADDED ENTRY--PERSONAL NAME
Personal name Nair, N. Gangadharan
942 ## - ADDED ENTRY ELEMENTS (KOHA)
Source of classification or shelving scheme Dewey Decimal Classification
Item type English Books
Classification part 880.8
Call number suffix INS
Holdings
Withdrawn status Lost status Not for loan Collection code Home library Current library Date acquired Full call number Barcode Koha item type
      Non-fiction Sarojini Nagar Sarojini Nagar 15/05/2019 880.8 INS B-085676 English Books

© Delhi Public Library
Hit Counter
free hit counter